Sujets de la fédération de Russie - Carte quiz - Statistiques

Statistiques générales
  • Ce quiz a été pris 433 fois
  • Le résultat moyen est 31 sur 85
Réponses sur la Carte
Les réponses sont colorées sur une échelle allant du rouge au vert en fonction du pourcentage des utilisateurs qui les ont devinées à leur premier essai. Vous pouvez retrouver ces pourcentages ci-dessous.
 
Statistiques - réponses
Réponse % Correct
Crimée (rép.)
78%
Saint-Pétersbourg (ville)
68%
Kaliningrad (ob.)
67%
Moscou (ob.)
66%
Moscou (ville)
64%
Kamtchatka (kraï)
63%
Sakhaline (ob.)
63%
Léningrad (ob.)
60%
Sébastopol (ville)
60%
Mourmansk (ob.)
58%
Tchétchénie (rép.)
56%
Carélie (rép.)
55%
Amour (ob.)
53%
Daghestan (rép.)
53%
Sakha (rép.)
53%
Adyguée (rép.)
52%
Arkhangelsk (ob.)
51%
Birobidjan (ob.aut.)
51%
Ossétie du Nord-Alanie (rép.)
51%
Rostov (ob.)
48%
Irkoutsk (ob.)
47%
Primorié (kraï)
47%
Magadan (ob.)
44%
Ingouchie (rép.)
42%
Krasnoïarsk (kraï)
42%
Krasnodar (kraï)
41%
Pskov (ob.)
41%
Tatarstan (rép.)
40%
Belgorod (ob.)
38%
Khabarovsk (kraï)
38%
Tchoukotka (dist.aut.)
38%
Transbaïkalie (kraï)
38%
Altaï (kraï)
37%
Astrakhan (ob.)
37%
Vladimir (ob.)
37%
Bouriatie (rép.)
36%
Nénétsie (dist.aut.)
36%
Omsk (ob.)
36%
Altaï (rép.)
34%
Kabardino-Balkarie (rép.)
34%
Karatchaïévo-Tcherkessie (rép.)
34%
Briansk (ob.)
33%
Iamalie (dist.aut.)
33%
Khantys-Mansis (dist.aut.)
33%
Komis (rép.)
33%
Smolensk (ob.)
33%
Koursk (ob.)
32%
Novgorod (ob.)
32%
Perm (kraï)
32%
Stavropol (kraï)
32%
Nijni Novgorod (ob.)
30%
Novossibirsk (ob.)
29%
Orenbourg (ob.)
29%
Kalmoukie (rép.)
27%
Tomsk (ob.)
27%
Touva (rép.)
27%
Bachkirie (rép.)
26%
Ivanovo (ob.)
26%
Kalouga (ob.)
26%
Kirov (ob.)
26%
Toula (ob.)
26%
Kemerovo (ob.)
25%
Orel (ob.)
25%
Tcheliabinsk (ob.)
25%
Volgograd (ob.)
25%
Khakassie (rép.)
23%
Tioumen (ob.)
23%
Iaroslavl (ob.)
22%
Saratov (ob.)
22%
Tver (ob.)
22%
Vologda (ob.)
22%
Voronej (ob.)
22%
Kourgan (ob.)
21%
Riazan (ob.)
21%
Sverdlovsk (ob.)
21%
Mordovie (rép.)
19%
Oudmourtie (rép.)
19%
Penza (ob.)
19%
Samara (ob.)
19%
Tchouvachie (rép.)
19%
Kostroma (ob.)
18%
Lipetsk (ob.)
18%
Tambov (ob.)
18%
Maris (rép.)
15%
Oulianovsk (ob.)
15%
Aucun quiz correspondant
Distribution des résultats
% des personnes avec chaque résultat
Percentile par nombre de réponses
Votre historique - résultats
Vous n’avez pas pris ce quiz